000 00576nam a2200217 a 4500
001 BRCA_7229
005 20190320205747.0
008 180112s1922----gw-af#####---#000-0#ger-#
041 _ager
044 _agw
050 4 _aQH366
_b.K34 1922
100 1 _aKahn, Fritz
_d1888-1968
_916692
245 1 0 _aDas leben des menschen
_cvon Fritz Kahn.
260 _aStuttgart, Alemania
_bKosmos
_c1922
300 _a1 v.
_bil., láminas
_c26 cm.
500 _aLa biblioteca cuenta con el v. 1
500 _aP134
650 1 4 _aHombre
_eOrigen
_917911
902 _aGFM
942 _2lcc
_cB
999 _c6910
_d6910